[Event "British Rapidplay"]
[Site "Peterborough"]
[Date "2024.03.02"]
[Round "3"]
[White "Kanyamarala, Trisha"]
[Black "Williams, Ana"]
[Result "1-0"]
[WhiteElo "2294"]
[BlackElo "1913"]
[PlyCount "91"]
[EventDate "2024.03.02"]
[EventType "swiss (rapid)"]
[EventRounds "11"]
[EventCountry "ENG"]
[SourceTitle "CB10_2024"]
[SourceDate "2024.03.06"]
[SourceVersion "1"]
[SourceVersionDate "2024.03.06"]
[SourceQuality "1"]

1. d4 Nf6 2. c4 e6 3. Nf3 d5 4. Nc3 c5 5. cxd5 Nxd5 6. e4 Nxc3 7. bxc3 cxd4 8. cxd4 Bb4+ 9. Bd2 Bxd2+ 10. Qxd2 0-0 11. Bc4 b6 12. 0-0 Bb7 13. Rfe1 Nd7 14. Rad1 Rc8 15. Bb3 Qf6 16. Qe3 h6 17. h3 Rfd8 18. Rd2 Nf8 19. Ne5 Ng6 20. Nxg6 Qxg6 21. Rd3 Rc7 22. d5 exd5 23. exd5 Rcd7 24. Qf3 Rd6 25. Re7 R6d7 26. Rxd7 Rxd7 27. Re3 Qg5 28. Re8+ Kh7 29. Qd3+ f5 30. Re1 g6 31. Qb5 Qd8 32. Re5 Re7 33. Qe2 Rxe5 34. Qxe5 Qd7 35. d6 h5 36. Qe7+ Qxe7 37. dxe7 Bc6 38. Bf7 a5 39. e8Q Bxe8 40. Bxe8 Kg7 41. a4 h4 42. f4 Kf6 43. Kf2 g5 44. fxg5+ Kxg5 45. Kf3 f4 46. Bd7 1-0